[Event "BIH-chT1 30th"]
[Site "Gorazde"]
[Date "2023.08.29"]
[Round "6.2"]
[White "Halilovic, Fahrudin"]
[Black "Muratovic, Efim"]
[Result "0-1"]
[WhiteElo "2035"]
[BlackElo "2304"]
[PlyCount "70"]
[EventDate "2023.08.26"]
[EventType "team-tourn"]
[EventRounds "9"]
[EventCountry "BIH"]
[SourceTitle "EXT 2024"]
[Source "ChessBase"]
[SourceDate "2023.10.10"]
[SourceVersion "1"]
[SourceVersionDate "2023.10.10"]
[SourceQuality "1"]

1. e4 g6 2. d4 Bg7 3. Nc3 d6 4. Be3 Nc6 5. Qd2 e5 6. d5 Nce7 7. f3 f5 8. g3 Nf6 9. Bh6 0-0 10. Bxg7 Kxg7 11. 0-0-0 fxe4 12. Nxe4 Nexd5 13. Nxf6 Nxf6 14. g4 Be6 15. h4 Nd5 16. h5 Nf4 17. hxg6 hxg6 18. Bd3 Qg5 19. Kb1 Bd5 20. Qa5 Qe7 21. Be4 Bxe4 22. fxe4 b6 23. Qc3 Rh8 24. Nf3 Raf8 25. Nd2 Ne6 26. Nc4 Rxh1 27. Rxh1 Qh4 28. Rg1 Qf2 29. Rd1 Rf3 30. Qb4 Qc5 31. Qxc5 Nxc5 32. Re1 Rf4 33. Ne3 Rxe4 34. c4 Nd3 35. Re2 Nf4 0-1

[Event "BIH-chT1 30th"]
[Site "Gorazde"]
[Date "2023.08.28"]
[Round "5.2"]
[White "Besirevic, Jasmin"]
[Black "Halilovic, Fahrudin"]
[Result "1-0"]
[WhiteElo "1835"]
[BlackElo "2035"]
[PlyCount "86"]
[EventDate "2023.08.26"]
[EventType "team-tourn"]
[EventRounds "9"]
[EventCountry "BIH"]
[SourceTitle "EXT 2024"]
[Source "ChessBase"]
[SourceDate "2023.10.10"]
[SourceVersion "1"]
[SourceVersionDate "2023.10.10"]
[SourceQuality "1"]

1. d4 f5 2. Nf3 Nf6 3. c4 e6 4. a3 b6 5. g3 Bb7 6. Bg2 g6 7. Nc3 Bg7 8. 0-0 0-0 9. e3 a5 10. b3 h6 11. Bb2 g5 12. h4 g4 13. Nd2 Bxg2 14. Kxg2 d5 15. Qc2 Ne4 16. Ne2 Qd6 17. Nf4 Nd7 18. Rac1 c5 19. Nxe4 fxe4 20. dxc5 Nxc5 21. cxd5 Bxb2 22. Qxb2 Rxf4 23. exf4 Nd3 24. Qf6 Nxc1 25. Rxc1 Re8 26. Rc6 Qd7 27. Qg6+ Kf8 28. Rxb6 Qxd5 29. Qxh6+ Kg8 30. Qg5+ Qxg5 31. hxg5 Kf7 32. Rb5 Ra8 33. a4 Ke7 34. Kf1 e3 35. fxe3 Rc8 36. Rb7+ Kf8 37. e4 Rc1+ 38. Ke2 Rc2+ 39. Ke3 Rc3+ 40. Kd4 Rxg3 41. f5 exf5 42. exf5 Rf3 43. Ke5 Rf1 1-0

[Event "Sarajevo Bosna op 51st"]
[Site "Sarajevo"]
[Date "2022.12.05"]
[Round "5"]
[White "Halilovic, Fahrudin"]
[Black "Culum, Sanjin"]
[Result "1/2-1/2"]
[WhiteElo "2035"]
[BlackElo "2252"]
[PlyCount "117"]
[EventDate "2022.12.02"]
[EventType "swiss"]
[EventRounds "7"]
[EventCountry "BIH"]
[SourceTitle "CBM 211 Extra"]
[Source "ChessBase"]
[SourceDate "2023.01.31"]
[SourceVersion "1"]
[SourceVersionDate "2023.01.31"]
[SourceQuality "1"]

1. c4 Nf6 2. Nc3 e5 3. g3 Bb4 4. Bg2 Nc6 5. Nd5 Be7 6. e3 0-0 7. Ne2 d6 8. 0-0 Re8 9. f4 exf4 10. Nexf4 Ne5 11. b3 Nxd5 12. Nxd5 Bg5 13. d4 Bg4 14. Qc2 Ng6 15. e4 Bxc1 16. Raxc1 c6 17. Ne3 Bd7 18. Qf2 f6 19. h4 Nf8 20. Qf4 Qe7 21. Qf2 a5 22. Rce1 Qf7 23. g4 Qe7 24. Qg3 g5 25. h5 h6 26. Rf2 Nh7 27. Ref1 Rf8 28. Re1 Rae8 29. Rfe2 Be6 30. Bf3 Kg7 31. d5 f5 32. Nxf5+ Bxf5 33. exf5 Qd7 34. Re6 Nf6 35. Kf2 Rxe6 36. Rxe6 Rd8 37. Kg2 c5 38. Qe1 Re8 39. Qxa5 Rb8 40. Qc3 Rf8 41. Qe1 Re8 42. Rxe8 Qxe8 43. Qe6 Qd8 44. a3 Qc7 45. Be2 b6 46. b4 cxb4 47. axb4 Qd8 48. Kf3 Qc7 49. Ke3 Qd8 50. Kd4 Qc7 51. Bd1 Qa7 52. Ke3 b5+ 53. c5 dxc5 54. d6 c4+ 55. Ke2 Qd4 56. Qe7+ Kg8 57. Qe6+ Kg7 58. Qe7+ Kg8 59. Qe6+ 1/2-1/2

[Event "BIH-chT 29th"]
[Site "Bihac"]
[Date "2022.08.27"]
[Round "7.5"]
[White "Prastalo, Borislav"]
[Black "Halilovic, Fahrudin"]
[Result "0-1"]
[WhiteElo "2297"]
[BlackElo "2012"]
[PlyCount "56"]
[EventDate "2022.08.23"]
[EventType "tourn"]
[EventRounds "9"]
[EventCountry "BIH"]
[SourceTitle "CBM 210 Extra"]
[Source "ChessBase"]
[SourceDate "2022.11.30"]
[SourceVersion "1"]
[SourceVersionDate "2022.11.30"]
[SourceQuality "1"]

1. e4 d5 2. exd5 Qxd5 3. d4 Nc6 4. Ne2 e5 5. Nbc3 Bb4 6. Bd2 Bxc3 7. Bxc3 e4 8. Nf4 Qd6 9. Nh5 g6 10. d5 Ne5 11. Qd4 f6 12. Nxf6+ Nxf6 13. Qxe5+ Kf7 14. Qd4 Bg4 15. h3 Bd7 16. Bc4 b5 17. Bb3 a5 18. a3 e3 19. 0-0-0 exf2 20. Rhf1 b4 21. axb4 axb4 22. Bxb4 Qg3 23. Kb1 Bf5 24. d6+ Qxb3 25. Rxf2 Qa2+ 26. Kc1 Qe6 27. b3 Ne4 28. Re1 c5 0-1

[Event "BIH-chT 29th"]
[Site "Bihac"]
[Date "2022.08.23"]
[Round "1.4"]
[White "Halilovic, Fahrudin"]
[Black "Dugonjic, Dragan"]
[Result "0-1"]
[WhiteElo "2012"]
[BlackElo "2019"]
[PlyCount "93"]
[EventDate "2022.08.23"]
[EventType "tourn"]
[EventRounds "9"]
[EventCountry "BIH"]
[SourceTitle "CBM 210 Extra"]
[Source "ChessBase"]
[SourceDate "2022.11.30"]
[SourceVersion "1"]
[SourceVersionDate "2022.11.30"]
[SourceQuality "1"]

1. c4 Nf6 2. Nc3 g6 3. g3 Bg7 4. Bg2 d6 5. e4 e5 6. Nge2 Be6 7. d3 Qd7 8. Bg5 h6 9. Bd2 c6 10. b4 Na6 11. Rb1 0-0 12. h3 Nc7 13. f4 Nh5 14. f5 gxf5 15. exf5 Bxf5 16. Be3 Bg6 17. Qd2 Kh7 18. g4 Nf6 19. g5 hxg5 20. Bxg5 d5 21. 0-0 Ng8 22. cxd5 cxd5 23. Rbd1 f6 24. Bh4 Bh6 25. Qe1 Bg5 26. Bxg5 fxg5 27. Qg3 Rxf1+ 28. Rxf1 Re8 29. Qxg5 Bxd3 30. Rf3 Bg6 31. h4 Qe7 32. Qg3 Nf6 33. Qf2 Ng8 34. Qg3 Nh6 35. Qf2 d4 36. h5 Bxh5 37. Rh3 Bg6 38. Ne4 Rf8 39. Ng5+ Kg7 40. Qh4 Nf5 41. Qg4 Rh8 42. Rxh8 Kxh8 43. Be4 Qf6 44. Qh3+ Kg7 45. Nf3 Ne3 46. Qh2 Ng4 47. Qg3 0-1

[Event "Sarajevo-ch"]
[Site "Sarajevo"]
[Date "2021.06.03"]
[Round "6"]
[White "Halilovic, Fahrudin"]
[Black "Strinic, Halid"]
[Result "1-0"]
[WhiteElo "2048"]
[BlackElo "2118"]
[PlyCount "113"]
[EventDate "2021.05.30"]
[EventType "tourn"]
[EventRounds "9"]
[EventCountry "BIH"]
[SourceTitle "CBM 202 Extra"]
[Source "ChessBase"]
[SourceDate "2021.07.31"]
[SourceVersion "1"]
[SourceVersionDate "2021.07.31"]
[SourceQuality "1"]

1. e4 d6 2. d4 Nf6 3. f3 c6 4. c4 e5 5. d5 Be7 6. Nc3 a5 7. Be3 Na6 8. Bd3 Nd7 9. Qd2 Nb4 10. Bb1 Nb6 11. b3 Bd7 12. Qf2 c5 13. a4 Bg5 14. f4 exf4 15. Bxf4 Qf6 16. Nge2 Bxf4 17. Qxf4 Qxf4 18. Nxf4 0-0 19. 0-0 Rfe8 20. Na2 Re7 21. Nxb4 axb4 22. Bc2 Be8 23. Rae1 Nd7 24. Re3 g6 25. Rg3 Kh8 26. h4 h5 27. Nh3 Ne5 28. Bd1 Bd7 29. Ng5 Bg4 30. Bxg4 hxg4 31. Re3 Kg7 32. Kh2 Rh8 33. Kg3 Rf8 34. Re2 Kg8 35. Rf6 Rd8 36. Ref2 Rdd7 37. h5 gxh5 38. Rh6 Kg7 39. Rxh5 Kg6 40. Kh4 Nd3 41. Rf5 Ne5 42. Nh7 Kg7 43. Nf6 Ng6+ 44. Kxg4 Rd8 45. Rh7+ Kf8 46. Kf3 Re5 47. Ng4 Re7 48. Nh6 Rdd7 49. Rf6 Ne5+ 50. Kg3 Ng6 51. Kf3 Ne5+ 52. Kf4 Ng6+ 53. Ke3 Ne5 54. g4 Ng6 55. Nf5 Kg8 56. Rg7+ Kh8 57. Rfxg6 1-0

[Event "Sarajevo-ch"]
[Site "Sarajevo"]
[Date "2019.03.14"]
[Round "3"]
[White "Terzic, Ilijas"]
[Black "Halilovic, Fahrudin"]
[Result "0-1"]
[WhiteElo "2137"]
[BlackElo "2053"]
[PlyCount "53"]
[EventDate "2019.03.12"]
[EventType "tourn"]
[EventRounds "9"]
[EventCountry "BIH"]
[SourceTitle "CBM 189 Extra"]
[Source "ChessBase"]
[SourceDate "2019.06.03"]
[SourceVersion "1"]
[SourceVersionDate "2019.06.03"]
[SourceQuality "1"]

1. d4 f5 2. e4 fxe4 3. Nc3 Nf6 4. Bg5 g6 5. Qd2 d5 6. f3 Bf5 7. g4 Be6 8. h3 Bg7 9. 0-0-0 c6 10. Bh6 Bf8 11. Bg2 Qa5 12. Bxf8 Rxf8 13. Nge2 Nbd7 14. Nf4 Bg8 15. g5 exf3 16. Bxf3 Ne4 17. Bxe4 dxe4 18. a3 Qxg5 19. Rhf1 Nf6 20. Kb1 0-0-0 21. Qe3 Nh5 22. Nxe4 Qb5 23. Nd3 Rxf1 24. Rxf1 Qc4 25. Nec5 Qa2+ 26. Kc1 Qa1+ 27. Kd2 0-1

[Event "Sarajevo Galijatovic Memorial"]
[Site "Sarajevo"]
[Date "2019.02.13"]
[Round "1"]
[White "Manic, Mujo"]
[Black "Halilovic, Fahrudin"]
[Result "0-1"]
[WhiteElo "1701"]
[BlackElo "2051"]
[PlyCount "62"]
[EventDate "2019.02.13"]
[EventType "swiss"]
[EventRounds "7"]
[EventCountry "BIH"]
[SourceTitle "CBM 189 Extra"]
[Source "ChessBase"]
[SourceDate "2019.06.03"]
[SourceVersion "1"]
[SourceVersionDate "2019.06.03"]
[SourceQuality "1"]

1. d4 Nf6 2. c4 g6 3. Nc3 Bg7 4. e4 d6 5. Nf3 0-0 6. Be2 e5 7. dxe5 dxe5 8. Qxd8 Rxd8 9. Bg5 Re8 10. Bxf6 Bxf6 11. Nd5 Bd8 12. 0-0-0 c6 13. Ne3 a5 14. Rd2 f6 15. Rhd1 Be7 16. c5 Na6 17. Bxa6 Rxa6 18. Nc4 Bxc5 19. Rd8 Kf8 20. R8d2 Be6 21. Nd6 Bxd6 22. Rxd6 Raa8 23. Ne1 Ke7 24. b3 Bd5 25. R6xd5 cxd5 26. Rxd5 Red8 27. Rb5 Rd7 28. a4 Rc8+ 29. Kb2 Rd2+ 30. Ka3 Rc1 31. Rxa5 Rxe1 0-1

[Event "BIH-chT1"]
[Site "Bosanska Krupa"]
[Date "2018.08.25"]
[Round "1"]
[White "Halilovic, Fahrudin"]
[Black "Rahmanovic, Mesan"]
[Result "1-0"]
[WhiteElo "2055"]
[BlackElo "1925"]
[PlyCount "119"]
[EventDate "2018.08.25"]
[EventType "tourn"]
[EventRounds "9"]
[EventCountry "BIH"]
[SourceTitle "CBM 186 Extra"]
[Source "ChessBase"]
[SourceDate "2018.08.24"]
[SourceVersion "1"]
[SourceVersionDate "2018.08.24"]
[SourceQuality "1"]

1. e4 c5 2. d3 e6 3. g3 Nc6 4. Bg2 g6 5. f4 e5 6. Nf3 d6 7. 0-0 Bg4 8. c3 Bg7 9. Nbd2 Qd7 10. Nc4 Nge7 11. Qb3 0-0 12. Ne3 Be6 13. Qc2 exf4 14. gxf4 f6 15. Qf2 d5 16. exd5 Nxd5 17. Nxd5 Bxd5 18. Qxc5 Rac8 19. Ne5 fxe5 20. Qxd5+ Qxd5 21. Bxd5+ Kh8 22. Be3 b6 23. Be4 Ne7 24. a4 Nf5 25. Bxf5 Rxf5 26. fxe5 Rxe5 27. Bd4 Rg5+ 28. Kf2 Bxd4+ 29. cxd4 Rd8 30. Ke3 Re8+ 31. Kd2 Rg2+ 32. Kc3 Rc8+ 33. Kb3 Rcc2 34. h4 Rxb2+ 35. Kc4 Kg7 36. Kd5 b5 37. axb5 Rxb5+ 38. Kc4 Rb7 39. Rf4 Rc2+ 40. Kd5 h6 41. Ra6 g5 42. hxg5 hxg5 43. Rg4 Rb5+ 44. Kd6 Kf6 45. Rg1 Kf5 46. Rxa7 Kf4 47. Rf7+ Ke3 48. d5 Kxd3 49. Rg3+ Ke4 50. Rg4+ Ke3 51. Rxg5 Rcc5 52. Rc7 Rxc7 53. Kxc7 Ke4 54. Kc6 Ra5 55. Rh5 Ra6+ 56. Kb5 Rd6 57. Kc5 Ra6 58. Kc4 Ra8 59. Kc5 Rc8+ 60. Kb6 1-0

[Event "Sarajevo Bosna op 48th"]
[Site "Sarajevo"]
[Date "2018.05.06"]
[Round "3"]
[White "Halilovic, Fahrudin"]
[Black "Dietmayer Kraeutler, Marco"]
[Result "0-1"]
[WhiteElo "2035"]
[BlackElo "2318"]
[PlyCount "112"]
[EventDate "2018.05.05"]
[EventType "swiss"]
[EventRounds "9"]
[EventCountry "BIH"]
[SourceTitle "CBM 184 Extra"]
[Source "ChessBase"]
[SourceDate "2018.06.28"]
[SourceVersion "1"]
[SourceVersionDate "2018.06.28"]
[SourceQuality "1"]

1. d4 d5 2. Bf4 Bf5 3. e3 c5 4. Nf3 Nc6 5. Nc3 e6 6. Bb5 Qb6 7. Nh4 cxd4 8. exd4 Nge7 9. Bd6 Bg6 10. 0-0 a6 11. Bc5 Qc7 12. Be2 b6 13. Ba3 Qf4 14. Nf3 Nf5 15. g3 Qc7 16. Bxf8 Kxf8 17. Nb1 Ke7 18. c3 Rhb8 19. Re1 Kf8 20. Bf1 b5 21. a3 Na5 22. Ne5 Nc4 23. Nxg6+ hxg6 24. Qc1 a5 25. Nd2 Qb6 26. Nb3 Ra7 27. Nc5 Kg8 28. b3 Ncd6 29. Qf4 Rc8 30. g4 Nh6 31. Re3 Qc7 32. h3 Nb7 33. Qxc7 Rxc7 34. Bxb5 Nxc5 35. dxc5 Rxc5 36. c4 Kf8 37. Rd1 dxc4 38. bxc4 Ke7 39. Red3 Kf6 40. Kg2 Ng8 41. h4 g5 42. h5 Nh6 43. Kg3 g6 44. hxg6 Kxg6 45. Rd8 f5 46. f3 fxg4 47. fxg4 Re5 48. R1d3 Rc7 49. a4 Re1 50. R8d4 Rg1+ 51. Kh3 Nxg4 52. Rd7 Rxd7 53. Rxd7 Ne5 54. Bc6 Nxc6 55. Rd6 Ne5 56. Rxe6+ Kf5 0-1